[Event "Salento op 5th"]
[Site "Gallipoli"]
[Date "2000.06.25"]
[Round "6"]
[White "Rubillo, Vincenzo"]
[Black "Palma, Antonio"]
[Result "0-1"]
[WhiteElo "1708"]
[BlackElo "1737"]
[PlyCount "145"]
[EventDate "2000.06.??"]
[EventType "swiss"]
[EventRounds "6"]
[EventCountry "ITA"]
[SourceTitle "EXT 2005"]
[Source "ChessBase"]
[SourceDate "2004.11.15"]
[SourceVersion "1"]
[SourceVersionDate "2004.11.15"]
[SourceQuality "1"]

1. d4 Nf6 2. c4 c5 3. d5 e6 4. Nc3 exd5 5. cxd5 d6 6. e4 g6 7. f4 Bg7 8. Bb5+ Nfd7 9. Nf3 0-0 10. 0-0 a6 11. Bd3 b5 12. a3 Bb7 13. Re1 Re8 14. Bc2 Qc7 15. Rb1 c4 16. Be3 Nc5 17. Bd4 f6 18. Re3 Nbd7 19. Qe2 Re7 20. Re1 Rae8 21. Nd1 Nb6 22. g4 a5 23. g5 Nbd7 24. gxf6 Nxf6 25. Bxf6 Bxf6 26. e5 Bg7 27. Nc3 Qb6 28. Qd2 dxe5 29. Nxe5 Bxe5 30. fxe5 Rxe5 31. Rxe5 Rxe5 32. Kf1 Qf6+ 33. Qf2 Rxe1+ 34. Kxe1 Qxf2+ 35. Kxf2 b4 36. Ne4 Nxe4+ 37. Bxe4 Kf7 38. Ke3 c3 39. axb4 cxb2 40. bxa5 Ke8 41. Kd4 Kd7 42. Ke5 Bc8 43. Kd4 Kd6 44. Kc3 b1Q 45. Bxb1 Kxd5 46. Kb4 Ba6 47. Ba2+ Kd4 48. Be6 g5 49. Bg4 Bf1 50. Bd7 h5 51. Bb5 Bg2 52. a6 g4 53. a7 h4 54. Bf1 Ba8 55. Kb5 Ke3 56. Kb6 Kf2 57. Bb5 g3 58. hxg3 h3 59. Bc6 Bxc6 60. Kxc6 h2 61. Kb6 h1Q 62. g4 Ke3 63. g5 Kd4 64. g6 Qb1+ 65. Kc7 Qc2+ 66. Kb8 Qb3+ 67. Kc7 Qa4 68. Kb7 Qb4+ 69. Kc7 Qa5+ 70. Kb7 Qb5+ 71. Kc7 Qa6 72. Kb8 Qb6+ 73. Ka8 0-1